Statistiques concernant Culture Générale - Série 2320

Cliquez ici pour prendre le quiz!

Statistiques générales

  • Ce quiz a été pris 83 fois
  • Le résultat moyen est 5 sur 10

Statistiques - réponses

QuestionRéponse% Correct
A quel dieu grec la "morphine" doit-elle son nom ?Morphée
91%
Quel animal est la linotte ?oiseau
69%
Dans la mythologie grecque, quel héros a tué le minotaure ?Thésée
60%
Comment se nomme le cheval de Zorro ?Tornado
55%
Dans le film "La reine des neiges", comment s'appelle le bonhomme de neige ?Olaf
51%
De quel pays Maseru est-elle la capitale ? voir drapeauLesotho
47%
Quel animal est à l'origine de l'expression "à la queue leu leu" ?loup
45%
Qui était à la tête de la maison de haute couture Chanel de 1983 à 2019 ? prénom et nomKarl Lagerfeld
42%
Dans le dessin animé "Pinocchio", quel animal est "Grand Coquin" ?renard
40%
Qui a reçu l'oscar du meilleur acteur en 2016 ? prénom et nomLeonardo DiCaprio
38%

Distribution des résultats

Percentile par nombre de réponses

% des personnes avec chaque résultat

Votre développement - résultats

Vous n’avez pas pris ce quiz